UM Logo

Biology: (Record no. 5178)

MARC details
000 -LEADER
fixed length control field 00463nam a22001457a 4500
008 - FIXED-LENGTH DATA ELEMENTS--GENERAL INFORMATION
fixed length control field 161013b xxu||||| |||| 00| 0 eng d
020 ## - INTERNATIONAL STANDARD BOOK NUMBER
International Standard Book Number 9711111381
082 ## - DEWEY DECIMAL CLASSIFICATION NUMBER
Edition number 2002
Classification number DFil 371.12076
Item number C15
100 ## - MAIN ENTRY--PERSONAL NAME
9 (RLIN) 16095
Personal name Campos, Ma. Rowena R.
245 ## - TITLE STATEMENT
Title Biology:
Remainder of title LET reviewer/
Statement of responsibility, etc. Ma. Rowena R. Campos
260 ## - PUBLICATION, DISTRIBUTION, ETC. (IMPRINT)
Place of publication, distribution, etc. Quezon City:
Name of publisher, distributor, etc. JMC Press Inc.,
Date of publication, distribution, etc. c2002.
300 ## - PHYSICAL DESCRIPTION
Extent iii, 39 pages:
Other physical details illustrations;
Dimensions 25 cm.
650 #0 - SUBJECT ADDED ENTRY--TOPICAL TERM
9 (RLIN) 16096
Topical term or geographic name as entry element Biology
General subdivision Examinations.
942 ## - ADDED ENTRY ELEMENTS (KOHA)
Source of classification or shelving scheme Dewey Decimal Classification
Koha item type Filipiniana
Holdings
Withdrawn status Lost status Source of classification or shelving scheme Damaged status Not for loan Collection code Home library Current library Date acquired Source of acquisition Total Checkouts Full call number Barcode Date last seen Date last checked out Copy number Cost, replacement price Price effective from Koha item type
    Dewey Decimal Classification     Filipiniana UM Digos College - LIC UM Digos College - LIC 09/29/2003 Purchased 7 DFil 371.12076 C15 2002 16014 05/15/2025 02/14/2018 2 33.00 10/13/2016 Filipiniana